finding nemo quote quiz - Statistics

General Stats
  • This quiz has been taken 309 times
  • The average score is 5 of 10
Answer Stats
Hint Answer % Correct
just keep ____ swimming
99%
fish are ____ not food friends
98%
I will call him ____ squishy
67%
p.shermen 46 ____ sydney wallaby way
55%
we got a ____ one live
38%
my names ____ bruce
34%
____ funny it looks like the word ____ escape
34%
yo ____ dude ! jelly
15%
( bubble pops ) ____ nice
13%
don't go over the ____ go through it canyon
5%
No matching quizzes found
Score Distribution
Percent of People with Each Score
Percentile by Number Answered
Your Score History
You have not taken this quiz